Philosophy of Sarvepalli Radhakrishnan (Record no. 416258)

000 -LEADER
fixed length control field 00450cam a22001337a 4500
008 - FIXED-LENGTH DATA ELEMENTS--GENERAL INFORMATION
fixed length control field 180718b1952 xxu||||| |||| 00| 0 eng d
082 ## - DEWEY DECIMAL CLASSIFICATION NUMBER
Classification number AAx54 R118/Sch 33
245 ## - TITLE STATEMENT
Title Philosophy of Sarvepalli Radhakrishnan
Statement of responsibility, etc. Edited by Paul Arthur Schilpp
260 ## - PUBLICATION, DISTRIBUTION, ETC.
Place of publication, distribution, etc. New York
Name of publisher, distributor, etc. Tudor
Date of publication, distribution, etc. 1952
300 ## - PHYSICAL DESCRIPTION
Extent 883p
440 ## - SERIES STATEMENT/ADDED ENTRY--TITLE
Title The library of living Philosophers
650 ## - SUBJECT ADDED ENTRY--TOPICAL TERM
Topical term or geographic name entry element Radhakrishnan, S. (Sarvepalli), 1888-1975 -Philosophy.
700 ## - ADDED ENTRY--PERSONAL NAME
Personal name Schilpp, Paul Arthur.ed
Holdings
Withdrawn status Lost status Damaged status Not for loan Permanent Location Current Location Date acquired Full call number Barcode Date last seen Price effective from Koha item type
        Indian Institute of Public Administration Indian Institute of Public Administration 2009-03-13 AAx54 R118/Sch 33 2605 2018-07-21 2018-07-21 Book

Powered by Koha